| 000 | 00592nam a2200193Ia 4500 | ||
|---|---|---|---|
| 003 | IN-BaIIA | ||
| 008 | 211028s9999 xx 000 0 eng d | ||
| 040 | _cIIA Library | ||
| 080 |
_a539.8 _bLOV |
||
| 100 |
_aLove, A. E. H. _91683 |
||
| 245 | 2 |
_aA treatise on the mathematical theory of elasticity _cA. E. H. Love |
|
| 250 | _a4th ed. | ||
| 260 |
_aNew York _bDover Publications _c1944 |
||
| 300 | _axviii, 643p. | ||
| 650 |
_aElastic properties _91684 |
||
| 650 |
_aMathematical theory _91685 |
||
| 650 |
_aPlastic properties _91686 |
||
| 942 | _cBK | ||
| 999 |
_c783 _d783 |
||